000 01292cam a2200361 a 4500
001 17805
005 20230410105604.0
008 060907s2000 nyua b 001 0 eng
035 _a12208700
010 _a 00710214
020 _a0312203438
040 _aDLC
_cDLC
_dDLC
041 _aEng
050 1 4 _aHD2755.5
_bK64 2000b
050 1 4 _aHD 2755.5
_bK64n 2002
082 0 0 _a338.8/8
_221
100 1 _aKlein, Naomi,
_d1970-
245 1 0 _aNo logo :
_btaking aim at the brand bullies /
_cNaomi Klein.
246 1 _aNo space, no choice, no jobs
246 3 0 _aTaking aim at the brand bullies
250 _a1st Picador USA ed.
260 _aNew York :
_bPicador,
_c2000.
300 _axxi, 490 p. :
_bill. ;
_c24 cm.
504 _aIncludes bibliographical references (p. [479]-481) and index.
650 0 _aInternational business enterprises
_xPolitical aspects.
650 0 _aInternational business enterprises
_xPublic opinion.
650 0 _aBrand name products
_xPolitical aspects.
650 0 _aBrand name products
_xPublic opinion.
856 4 2 _3Contributor biographical information
_uhttp://www.loc.gov/catdir/bios/hol054/00710214.html
856 4 2 _3Publisher description
_uhttp://www.loc.gov/catdir/description/hol042/00710214.html
942 _2lcc
_cbk
946 _advf
999 _c39801
_d39801